Wordt geladen...
Fundamental of statistics /
| Hoofdauteur: | |
|---|---|
| Formaat: | Printed Book |
| Taal: | English |
| Gepubliceerd in: |
New Delhi:
APH Publishing,
2009.
|
| Onderwerpen: |
| LEADER | 00504 a2200133 4500 | ||
|---|---|---|---|
| 008 | 100208b ||||| |||| 00| 0 eng d | ||
| 082 | |a 519 | ||
| 100 | |a Gupta,S. C. | ||
| 245 | |a Fundamental of statistics / |c by S C Gupta | ||
| 260 | |a New Delhi: |b APH Publishing, |c 2009. | ||
| 650 | |a statistics | ||
| 942 | |c BK | ||
| 999 | |c 318390 |d 318390 | ||
| 952 | |0 0 |1 0 |2 ddc |4 0 |6 519_000000000000000_GUP_F |7 0 |9 364546 |a ECN |b ECN |c GEN |d 2013-06-17 |e Gifted by Dr Mani K P |i G444 |l 12 |m 1 |o 519 GUP/F |p ECNG444 |r 2021-10-06 |s 2021-10-06 |w 2013-06-17 |y BK | ||